Η σχέση των μεταπτυχιακών σπουδών με την αγορά εργασίας : η μελέτη των απόφοιτων μεταπτυχιακών προγραμμάτων εκπαιδευτικών πρωτοβάθμιας εκπαίδευσης : διδακτορική διατριβή
Saved in:
| Main Author: | |
|---|---|
| Corporate Author: | |
| Other Authors: | |
| Format: | Thesis Book |
| Language: | Greek |
| Published: |
2012
|
| Subjects: | |
| Online Access: | http://hdl.handle.net/11610/10908 |
| Tags: |
Add Tag
No Tags, Be the first to tag this record!
|
MARC
| LEADER | 00000cam a2200000 i 4500 | ||
|---|---|---|---|
| 001 | 1/26678 | ||
| 008 | 130227s2012 gre d | ||
| 035 | |l 10113875 | ||
| 040 | |a GR-MY-UA |b gre |e aacr | ||
| 041 | 0 | |a gre | |
| 082 | 0 | |a 331.11 |2 (22) | |
| 100 | 1 | |a Σαρβανάκη, Βασιλική. | |
| 245 | 1 | 2 | |a Η σχέση των μεταπτυχιακών σπουδών με την αγορά εργασίας : |b η μελέτη των απόφοιτων μεταπτυχιακών προγραμμάτων εκπαιδευτικών πρωτοβάθμιας εκπαίδευσης : διδακτορική διατριβή / |c Βασιλική Σαρβανάκη ; επιβλέπουσα: Χρυσή Βιτσιλάκη |
| 260 | |c 2012 | ||
| 300 | |a 301 σ.; |b πιν., σχεδ.; |c 30 εκ. | ||
| 500 | |a Μέλη εξεταστικής επιτροπής: Στυλιανός Χιωτάκης ... [κ.ά.] | ||
| 502 | # | # | |a Διατριβή (διδακτορική) – Πανεπιστήμιο Αιγαίου, Ρόδος, 2012. |
| 504 | |a Βιβλιογραφία: σ. 255-273 | ||
| 650 | 0 | 0 | |a College graduates |x Employment |z Greece. |
| 650 | 0 | 0 | |a Sampling (Statistics) |
| 650 | 0 | 0 | |a Universities and colleges |x Graduate Work |z Greece. |
| 650 | 0 | 0 | |a Labor supply |x Effect of education on |z Greece. |
| 650 | 0 | 0 | |a Dissertations, Academic |z Greece. |
| 700 | 1 | |a Βιτσιλάκη, Χρυσή. |4 ths | |
| 710 | 2 | |a Πανεπιστήμιο Αιγαίου |b Σχολή Ανθρωπιστικών Επιστημών |b Τμήμα Επιστημών της Προσχολικής Αγωγής και του Εκπαιδευτικού Σχεδιασμού. | |
| 852 | |a INST |b RHODES |c DIATR |e 20130227 |h 331.11 ΣΑΡ |p 005400034955 |q 005400034955 |t PHD |y 23 | ||
| 852 | |a INST |b RHODES |c DIATR |e 20130227 |h 331.11 ΣΑΡ |p 005400034956 |q 005400034956 |t PHD |y 23 | ||
| 856 | |u http://hdl.handle.net/11610/10908 | ||
| 901 | |a BIBL4-2013-1 | ||
| 909 | |a Ρ |b 176501 | ||
| 909 | |a Ρ |b 176502 | ||
| 924 | |a ΣΑΡΒΑΝΑΚΗ |b ΒΑΣΙΛΙΚΗ |y ΡΟΔΟΣ |z 2012 | ||
| 970 | |z 2013/02/27 | ||